000 00459nam a22001817a 4500
003 OSt
005 20140310184522.0
008 131016t xxu||||| |||| 00| 0 eng d
020 _a9780590543439
050 _aPZ 7
_b.M996 1966
245 _aThe Greatest Muhammad Ali
_cWalter Dean Myers
260 _aNew york
_bScholastics
_c2001
300 _a172 p. :
_bill. ;
_c20 cm.
521 _aG10
526 _c1030
942 _2lcc
_cBK-SCHOLAS
999 _c35055
_d35055